| 000 | 00360cam a2200145ua 4500 | ||
|---|---|---|---|
| 041 |
_aeng _h |
||
| 082 |
_a828.09 _bMAI/JO |
||
| 100 | _aMairet, Philip . | ||
| 245 |
_aJohn Middleton Murray / _cPhilip Mairet. _hTextual Documents |
||
| 260 |
_aLondon : _bLongman Green and Co , _c1958. |
||
| 300 | _a40 ; . | ||
| 504 | _a | ||
| 942 | _cBK | ||
| 999 |
_c8791 _d8791 |
||